01432nmm a22002654i 4500003001200000005001700012007000300029008004100032040003900073100004100112245017300153264003700326300005500363336002700418337002900445338003900474347003100513502017800544504002800722505014600750650005900896650004400955650002700999856014001026DO-CGIP004820250701153810.0ta240529s2024 dr ||||fo||d| 00| 0 spa d aDO-CGIP0047bspaerdacDO-CGIP00471 aParra Arias, Débora Esther eautor10aLa imaginación literaria femenina en las obras de Jeannette Miller y Rita Indiana /cautor: Débora Esther Parra Arias ; asesor : Faustino Luciano Medina Rodríguez 1aSanto Domingo :bISFODOSU,c2024 a1 recurso en línea (151 hojas) : bilustraciones 2rdacontentatextobtxt acomputadorabc2rdamedia arecurso en líneabcr2rdacarrier aarchivo de textobPDF2rda aTesis para optar por el título de Maestría en Lengua Española y Literatura - Instituto Superior de Formación Docente Salomé Ureña - ISFODOSU, Recinto LNNM, 2024. aReferencia en hoja 112. aMarco teórico, 24 – Metodología, 43 – Resultados, 52 – Discusión, 74 – Conclusiones, 79 – Recomendaciones, 81 – Anexos, 82 17aFeminismo y literaturazRepública Dominicana2armarc17aCrítica literariaxAnálisis2armarc14aLiteratura dominicana uhttps://biblioteca.isfodosu.edu.do/cgi-bin/koha/opac-retrieve-file.pl?id=8bdc17838c707b073a937df15fb59284yClic para ver texto completo